000 00817nam a22002177a 4500
003 UA-OsUOA
001 71214
007 ta
008 20101011b un ||||| |||| 00| 0 ukr d
100 _aТараненко О.О.
090 _a81
_bТ19
942 _cSA
040 _aUA-OsUOA
_bukr
_cUA-OsUOA
_dUA-OsUOA
245 _aУкраїнсько-російські мовні контакти на сучасному етапі: притягування і відштовхування. Текстуальні вкраплення, прецедентні тексти мовного оригіналу
300 _aС.22-40
955 _a0
041 _aukr
080 _a81
773 0 _w71212
650 7 _a8 Мовознавство. Художня література. Літературознавство
_2UDC
999 _c357534
_d357534